| 000 | 00752cab a2200253 4500 | ||
|---|---|---|---|
| 001 | ABS60235 | ||
| 008 | 090401t1999 xxu||||| |||| 00| 0 eng d | ||
| 035 | _a(Sirsi) u99752 | ||
| 041 | _aeng | ||
| 100 | _aThomson, N. | ||
| 245 | _aCan double counting be removed in rating? | ||
| 260 | _c1999 | ||
| 350 | _a0 | ||
| 490 |
_aProperty Week _v64(9) 5 March 1999, 74(1) |
||
| 520 | _aIn Scotland retail warehouses are double counted for rating, however a Lands Tribunal for Scotland case may have made this history. | ||
| 650 | _aCASE LAW | ||
| 650 | _aDOUBLE COUNTING | ||
| 650 | _aLANDS TRIBUNAL FOR SCOTLAND | ||
| 650 | _aRETAIL WAREHOUSES | ||
| 650 | _aSCOTLAND | ||
| 690 | _aRATING AND VALUATION | ||
| 942 | _n0 | ||
| 948 | _c08/03/1999 | ||
| 999 |
_c59986 _d59986 |
||